Who Moved My Cheese ? (Record no. 92877)
[ view plain ]
| 000 -LEADER | |
|---|---|
| fixed length control field | 00518nam a2200205Ia 4500 |
| 005 - DATE AND TIME OF LATEST TRANSACTION | |
| control field | 20251121143935.0 |
| 008 - FIXED-LENGTH DATA ELEMENTS--GENERAL INFORMATION | |
| fixed length control field | 230125s9999 xx 000 0 und d |
| 020 ## - INTERNATIONAL STANDARD BOOK NUMBER | |
| International Standard Book Number | 0-0918-1697-1 |
| 041 ## - LANGUAGE CODE | |
| Language code of text/sound track or separate title | eng |
| 082 ## - DEWEY DECIMAL CLASSIFICATION NUMBER | |
| Classification number | 158.1 |
| Item number | JOH |
| 100 ## - MAIN ENTRY--PERSONAL NAME | |
| Author | Johnson S |
| 245 ## - TITLE STATEMENT | |
| Title | Who Moved My Cheese ? |
| 260 ## - PUBLICATION, DISTRIBUTION, ETC. | |
| Date of publication, distribution, etc. | 1998 |
| Name of publisher, distributor, etc. | Vermilion publisher |
| Place of publication, distribution, etc. | London |
| 300 ## - PHYSICAL DESCRIPTION | |
| Extent | 94p |
| 500 ## - GENERAL NOTE | |
| Keywords | Personality Development |
| 650 ## - SUBJECT ADDED ENTRY--TOPICAL TERM | |
| Topical term or geographic name entry element | Personality Development |
| 700 ## - ADDED ENTRY--PERSONAL NAME | |
| Personal name | Johnson S |
| 942 ## - ADDED ENTRY ELEMENTS (KOHA) | |
| Koha item type | Donated Book |
| 906 ## - LOCAL DATA ELEMENT F, LDF (RLIN) | |
| b | 62.5 |
| Withdrawn status | Lost status | Damaged status | Not for loan | Home library | Current library | Date acquired | Vendor | Net Price | Full call number | Barcode | Date last seen | Actual Price | Bill Date | Koha item type | Original Barcode | Total Checkouts |
|---|---|---|---|---|---|---|---|---|---|---|---|---|---|---|---|---|
| Smt. Hiraben Nanavati Institute of Management & Research for Women | Smt. Hiraben Nanavati Institute of Management & Research for Women | 01/03/2016 | Donated Book- Outside Donar | 125.00 | 158.1 JOH DB2529 | HIMR-DB-2529 | 25/01/2023 | 62.50 | 25/01/2023 | Donated Book | DB2529 | |||||
| Smt. Hiraben Nanavati Institute of Management & Research for Women | Smt. Hiraben Nanavati Institute of Management & Research for Women | 13/11/2006 | Satya Gilani | 158.1 JOH DB1128 | HIMR-DB-1128 | 25/01/2023 | 13/11/2006 | Donated Book | DB1128 | |||||||
| Smt. Hiraben Nanavati Institute of Management & Research for Women | Smt. Hiraben Nanavati Institute of Management & Research for Women | 19/01/2002 | Shree Nav Jeevan | 436.00 | 158.1 JOH B02902 | HIMR-BK-2902 | 25/01/2023 | 436.00 | 23/01/2002 | Books | B02902 | |||||
| Smt. Hiraben Nanavati Institute of Management & Research for Women | Smt. Hiraben Nanavati Institute of Management & Research for Women | 24/11/2001 | Crossword | 95.00 | 158.1 JOH B02751 | HIMR-BK-2751 | 25/01/2023 | 95.00 | 24/11/2001 | Books | B02751 |